Problems in higher mathematics

Αποθηκεύτηκε σε:
Λεπτομέρειες βιβλιογραφικής εγγραφής
Κύριος συγγραφέας: Minorskii, V. P. (Vasilii Pavlovich)
Μορφή: Βιβλίο
Γλώσσα:English
Russian
Δημοσίευση: Moscow : Mir publishers, 1975
Θέματα:
Ετικέτες: Προσθήκη ετικέτας
Δεν υπάρχουν, Καταχωρήστε ετικέτα πρώτοι!

MARC

LEADER 00000cam a2200000 i 4500
001 1/5905
008 100319s1975 eng d
035 |l 10107326 
040 |a GR-MY-UA  |b gre  |e aacr 
041 0 |a eng  |h rus 
082 0 |a 510.76  |2 (22) 
100 1 |a Minorskii, V. P.   |q (Vasilii Pavlovich) 
245 1 0 |a Problems in higher mathematics /  |c V. P. Minorsky ; translated from the Russian by Yuri Ermolyev 
260 |a Moscow :   |b Mir publishers,   |c 1975 
300 |a 395 σ.;  |b διαγρ.;  |c 20 εκ. 
500 |a Revised from thw 1969 Russian edition 
650 0 0 |a Mathematics  |x Problems, exercises, etc. 
650 0 0 |a Geometry, Analytic  |x Problems, exercises, etc. 
650 0 0 |a Mathematical analysis  |x Problems, exercises, etc. 
852 |a INST  |b SAMOS  |c MAG  |e 20100319  |h 510.76 MIN  |p 005300032142  |q 005300032142  |t BK  |y 0 
901 |a BIBL3-2010-1 
909 |a Σ  |b 162069 
970 |a ΣΙΤΖΙΜΗ  |b ΓΙΑΣΕΜΗ  |z 2010/03/19